00511nam a22001577a 450000500170000001000150001702000260003203500130005803700130007108200080008410000220009224500740011426000550018827000790024330000310032220130821124939.0 aENG-107837 a9789380831800c244.00 aEN-91370 bDBAD/PUB a301 aNaidu,V. Reddeppa aSocial thought and sociological perspectives /cby V. Reddeppa Naidu aHyderabadbStudentshelpline Publishing Housec2012 a326/C, Surneni Nilayam, near B K Guda Park, S.R. Nagar,bHyderabade500038 avarious pagingsc22cm(pbk)